00285nam a2200109 a 450000500170000000800410001702000180005805000180007624500190009426000320011344000300014520140412111320.0110407s19uu xx 00 eng d a1-85830-306-0 aERbT915 1995 aTugboat tummy. aChina :bGrandreams,c1995. aa friendly faceboard book